Los símbolos en el silencio de las sirenas

Saved in:
Bibliographic Details
Main Author: Tužinská, Sofia, 1973-
Format: Book Chapter
Language:Spanish
Subjects:
Tags: Add Tag
No Tags, Be the first to tag this record!

MARC

LEADER 00000naa a2200000 4500
001 0227513
005 20221019162756.7
041 0 |a spa 
044 |a SK 
245 1 0 |a Los símbolos en el silencio de las sirenas  |c Sofia Tužinská 
610 2 0 |a jazykoveda 
610 2 0 |a jazyky cudzie 
610 2 0 |a španielčina 
100 1 |a Tužinská, Sofia, 1973-